00855nam a22001097a 4500008004100000100002800041245012500069260003200194300003000226520045700256773003200713240624b ||||| |||| 00| 0 eng d aMüller, Ralf et al  aArtificial intelligence and project management: Empirical overview, state of the art, and guidelines for future research aProject Management Journal  a55(1), Feb, 2024: p. 9-15 aDesk rejections of artificial intelligence (AI)–related submissions to the Project Management Journal® (PMJ) are high. This article provides an overview and state-of-the-art snapshot on academic and practitioner work to derive at potential future research topics and guidelines on the execution and reporting of AI-related studies in project management.- Reproduced https://journals.sagepub.com/doi/full/10.1177/87569728231225198#tab-contributors  aProject Management Journal